000 00540nam a2200181Ia 4500
008 151018s9999 xx 000 0 und d
082 _bRBASDV24249
_a891.463
100 _aसी पु वालावलकर
245 _aवस्तीकडे
250 _b1
260 _bउद्यदीप
_c1981
300 _a128
600 _aसी पु वालावलकर
630 _aवस्तीकडे
700 _aसी पु वालावलकर
730 _aवस्तीकडे
942 _cBOOK
999 _c1023895
_d1023892